Football clubs by their main sponsors 2023/2024 - Statistics

General Stats
  • This quiz has been taken 56 times
  • The average score is 8 of 18
Answer Stats
Sponsor Club % Correct
Spotify FC Barcelona
88%
TeamViewer Manchester United
88%
Jeep Juventus FC
86%
AIA Tottenham Hotspur
84%
Barmenia Bayer 04 Leverkusen
76%
Volkswagen VfL Wolfsburg
71%
1&1 Borussia Dortmund
61%
American Express Brighton
55%
Ziggo Ajax Amsterdam
53%
Telekom FC Bayern Munich
47%
Hollywood bets Brentford
35%
CMA CGM Olympique Marseille
22%
Cinch Crystal Palace
14%
AstroPay Wolverhampton
14%
WWK FC Augsburg
10%
Saputo Bologna
2%
Gosbi Girona
2%
DIGI Cadiz
0%
No matching quizzes found
Score Distribution
Percent of People with Each Score
Percentile by Number Answered
Your Score History
You have not taken this quiz